Jim Carrey Movies: Multiple Choice - Statistics

General Stats
  • This quiz has been taken 1,393 times
  • The average score is 13 of 15
Answer Stats
Question Answer % Correct
Which one? Bruce Almighty
99%
Which one? How the Grinch Stole Christmas
99%
Which one? Ace Ventura: Pet Detective
97%
Which one? Dumb & Dumber
97%
Which one? The Truman Show
97%
Which one? Liar Liar
96%
Which one? The Cable Guy
96%
Which one? The Mask
96%
Which one? Yes Man
93%
Which one? Mr. Popper's Penguins
82%
Which one? Fun with Dick and Jane
80%
Which one? Batman Forever
77%
Which one? The Number 23
77%
Which one? Eternal Sunshine of the Spotless Mind
76%
Which one? Man on the Moon
76%
No matching quizzes found
Score Distribution
Percent of People with Each Score
Percentile by Number Answered
Your Score History
You have not taken this quiz